000 00801nam a22002777a 4500
001 BR9511370
003 BR-BrBNA
005 20230928094856.0
007 ta
008 230509b bl.||||| |||| 00| 0 por d
040 _aBR-BrBNA
_bpor
_cBiblioteca Nacional de Agricultura
041 _a(Por)
072 _aP06
090 _ P06 BR9511370
100 1 _aCobra, R.Q.
110 1 _aMinisterio do Interior, Brasilia, DF (Brasil)
_97113
245 1 _aPesquisas para a regiao semi-arida do nordeste: sugestoes para o setor nao-agropecuario (versao preliminar)
260 3 _aBrasilia, DF (Brasil):
_c1975.
300 _a71 p.
500 _a9 ref.
650 _aEnergia Solar
650 _aEnergia Eletrica
650 _aRegiao Nordeste
909 _a202309
_bLucia
_c55
_dLucia Elande
942 _cBK
999 _c53155
_d53155